| 000 | 00852cab a2200229 4500 | ||
|---|---|---|---|
| 001 | X3130 | ||
| 008 | 090401t1996 xxu||||| |||| 00| 0 eng d | ||
| 035 | _a(Sirsi) u28611 | ||
| 041 | _aeng | ||
| 245 | _aYorkshire Traction Company Ltd v SoS Transport and South Yorkshire Passenger Transport Executive | ||
| 260 | _c1996 | ||
| 350 | _a0 | ||
| 490 |
_aNew Property Cases _v1996 NPC 13 |
||
| 520 | _aQBD 30 January 1996. Acquisition of Land Act 1981 ss23 and 24. Whether SoS right to confirm CPO. Transport Act 1969 s10 (NB PHOTOCOPYING ALLOWED) | ||
| 650 | _aACQUISITION OF LAND ACT 1981 | ||
| 650 | _aBUS STATION | ||
| 650 | _aCOMPULSORY PURCHASE ORDERS | ||
| 650 | _aTRANSPORT ACT 1968 S10 | ||
| 690 | _aENVIRONMENTAL AND LAND CONSULTANCY-PLANNING AND DEVELOPMENT-COMPULSORY PURCHASE AND COMPENSATION | ||
| 942 | _n0 | ||
| 948 | _c04/03/1997 | ||
| 999 |
_c19239 _d19239 |
||